Online
Catalog

Introducción a la lógica moderna / (Record no. 34480)

MARC details
000 -CABECERA
campo de control de longitud fija 00987nam a2200277 a 4500
001 - NÚMERO DE CONTROL
campo de control 000034989
005 - FECHA Y HORA DE LA ÚLTIMA TRANSACCIÓN
campo de control 20240509200458.0
008 - DATOS DE LONGITUD FIJA--INFORMACIÓN GENERAL
campo de control de longitud fija 111024s1936 sp 000 0 spa d
040 ## - FUENTE DE LA CATALOGACIÓN
Centro catalogador/agencia de origen DO-SdBNP
Lengua de catalogación spa
Centro/agencia transcriptor BNPHU
082 ## - NÚMERO DE LA CLASIFICACIÓN DECIMAL DEWEY
Número de clasificación 160
Número de documento/Ítem G216i
049 ## - FONDOS LOCALES (OCLC)
Fondos de biblioteca BNGR
100 1# - ENTRADA PRINCIPAL--NOMBRE DE PERSONA
Nombre de persona García Bacca, David,
Fechas asociadas al nombre 1901-1992
9 (RLIN) 60593
245 10 - MENCIÓN DE TÍTULO
Título Introducción a la lógica moderna /
Mención de responsabilidad, etc. David García Baca.
260 ## - PUBLICACIÓN, DISTRIBUCIÓN, ETC.
Lugar de publicación, distribución, etc. Barcelona :
Nombre del editor, distribuidor, etc. Labor,
Fecha de publicación, distribución, etc. 1936.
300 ## - DESCRIPCIÓN FÍSICA
Extensión 251 p. ;
Dimensiones 19 cm.
490 0# - MENCIÓN DE SERIE
Mención de serie Biblioteca de iniciación cultural
490 0# - MENCIÓN DE SERIE
Mención de serie Labor. Sección 1 ; Ciencias filosóficas;
Designación de volumen o secuencia 383
504 ## - NOTA DE BIBLIOGRAFÍA, ETC.
Nota de bibliografía, etc. Bibliografía: p. 245
510 0# - NOTA DE CITAS O REFERENCIAS BIBLIOGRÁFICAS
Nombre de la fuente Índice alfabético: p. 247-251
590 ## - NOTA LOCAL (RLIN)
Nota local Perteneció a la biblioteca personal de Juan Isidro Jimenes Grullón.
650 20 - PUNTO DE ACCESO ADICIONAL DE MATERIA--TÉRMINO DE MATERIA
Término de materia o nombre geográfico como elemento de entrada Lógica
9 (RLIN) 332
830 #0 - PUNTO DE ACCESO ADICIONAL DE SERIE-TÍTULO UNIFORME
Título uniforme Biblioteca de iniciación cultural
9 (RLIN) 5276
830 #0 - PUNTO DE ACCESO ADICIONAL DE SERIE-TÍTULO UNIFORME
Título uniforme Labor. Sección 1; Ciencias filosóficas;
Número de parte o sección de la obra 383
9 (RLIN) 60594
830 #0 - PUNTO DE ACCESO ADICIONAL DE SERIE-TÍTULO UNIFORME
Título uniforme Ciencias filosóficas
9 (RLIN) 60595
910 ## - DATOS DE OPCIÓN DEL USUARIO (OCLC)
Datos de opción del usuario Validado. Control de calidad MFF
Holdings
Estado de retiro Estado de pérdida Restricciones de uso No para préstamo Código de colección Localización permanente Ubicación/localización actual Ubicación en estantería Fecha de adquisición Número de inventario Total de préstamos Signatura topográfica completa Código de barras Fecha visto por última vez Precio válido a partir de Tipo de ítem Koha Nota pública
    Préstamo interno   Monografías: Libros y Folletos General General Depósito 24.10.2011 LF1   160 G216i 34989-10 25.06.2020 25.06.2020 Préstamo interno Biblioteca Juan Isidro Jiménes Grullón
      Excluido de préstamo Monografías: Libros y Folletos General General Depósito 24.10.2011 LF1   160 G216i 34990-10 25.06.2020 25.06.2020 No se presta Perteneció a la biblioteca personal de Juan Isidro Jimenes Grullón.

Powered by Koha